Konce velkých lásek aneb Kamínky z mozaiky mládí : vzpomínky z předválečných a protektorátních let na Moravě /

Hlavní autor: Zlámal, Josef, 1927-
Další autoři: Kabát, Václav, 1932-
Jazyk: Čeština
Vydáno: Praha : Olympia, 1997
Vydání: 1. vyd.
Témata:
Fyzický popis: 189 s. : il. ; 18 cm
Knihy
Uloženo v:
LEADER 01031nam a2200289 a 4500
001 000262379
003 CZ BrMZK
005 20210503194319.0
007 ta
008 980115s1997 xr g j cze d
015 |a cnb000292887 
020 |a 80-7033-480-0 
035 |a (OCoLC)38974077 
040 |a BOA001  |b cze 
072 7 |a 821.162.3-3  |x Česká próza  |2 Konspekt  |9 25 
080 |a 821.162.3-32  |2 MRF 
080 |a (0:82-32)  |2 MRF 
100 1 |a Zlámal, Josef,  |d 1927-  |7 jk01152729  |4 aut 
245 1 0 |a Konce velkých lásek aneb Kamínky z mozaiky mládí :  |b vzpomínky z předválečných a protektorátních let na Moravě /  |c Josef Zlámal ; [ilustroval Václav Kabát] 
250 |a 1. vyd. 
260 |a Praha :  |b Olympia,  |c 1997 
300 |a 189 s. :  |b il. ;  |c 18 cm 
655 7 |a české příběhy  |7 fd133973  |2 czenas 
700 1 |a Kabát, Václav,  |d 1932-  |7 jk01052309  |4 ill 
910 |a BOA001  |b 1-1039.973 
990 |a BK 
996 6 |b 2610062682  |c 1-1039.973  |l MZK  |r Sklad / do 1 hodiny  |n 1  |p p.v.  |w 000262379  |u 000010  |a 1  |e BOA001  |j MZK50  |s P